[Event "2ème Open des Vins du Médoc à Hourtin"]
[Site "Hourtin ; France"]
[Date "2016.07.04"]
[Round "4.8"]
[White "Hielscher, Ursula"]
[Black "Randrianaina, Merlin"]
[Result "1-0"]
[WhiteElo "1868"]
[BlackElo "1705"]
[PlyCount "59"]
[EventDate "2016.??.??"]

1. d4 Nf6 2. Bg5 d5 3. c4 e6 4. Nc3 Nbd7 5. e3 Be7 6. Nf3 b6 7. Be2 dxc4 8.
Bxc4 Bb7 9. O-O h6 10. Bh4 Ne4 11. Bxe7 Qxe7 12. Rc1 O-O 13. Bd3 Ng5 14. Nxg5
Qxg5 15. Ne4 Qd5 16. f3 Rac8 17. Bc4 Qf5 18. Ng3 Qf6 19. Qa4 Qe7 20. Qxa7 Bc6
21. Ba6 Nc5 22. Bxc8 Rxc8 23. Qa3 Ra8 24. Qb4 Qg5 25. dxc5 Qxe3+ 26. Kh1 Ra4
27. Qe1 Qd4 28. cxb6 Qxb2 29. bxc7 Bd7 30. c8=R+ 1-0

[Event "2ème Open des Vins du Médoc à Hourtin"]
[Site "Hourtin ; France"]
[Date "2016.07.04"]
[Round "4.9"]
[White "Arnaud, Aurelien"]
[Black "Ramdine, Dedan"]
[Result "1-0"]
[WhiteElo "1663"]
[BlackElo "1527"]
[PlyCount "57"]
[EventDate "2016.??.??"]

1. e4 e6 2. d4 d5 3. Nd2 Nf6 4. e5 Nfd7 5. Bd3 c5 6. c3 Nc6 7. Ne2 cxd4 8. cxd4
f6 9. exf6 Nxf6 10. O-O Bd6 11. Nf3 O-O 12. g3 e5 13. dxe5 Nxe5 14. Nxe5 Bxe5
15. Rb1 Bh3 16. Re1 Ng4 17. Nf4 Bxf4 18. Bxf4 Rxf4 19. gxf4 Qh4 20. Qf3 Rd8 21.
Qg3 Qh5 22. Be2 Rd6 23. Bxg4 Bxg4 24. Qe3 Bd7 25. Qe2 Rg6+ 26. Kh1 Qh3 27. f3
d4 28. Rbc1 d3 29. Rc8+ 1-0

[Event "2ème Open des Vins du Médoc à Hourtin"]
[Site "Hourtin ; France"]
[Date "2016.07.04"]
[Round "4.10"]
[White "Mueller, Werner"]
[Black "Martin, Eric"]
[Result "0-1"]
[WhiteElo "1771"]
[BlackElo "1888"]
[PlyCount "170"]
[EventDate "2016.??.??"]

1. e4 d6 2. f4 Nf6 3. Nc3 Bg4 4. Be2 Bxe2 5. Ngxe2 d5 6. e5 Ne4 7. O-O Nxc3 8.
bxc3 e6 9. d4 g6 10. Be3 Nd7 11. g4 h5 12. g5 Nb6 13. Qd3 Qd7 14. Rfb1 Be7 15.
h4 c6 16. a4 Nc4 17. a5 a6 18. Nc1 O-O 19. Nb3 Qc7 20. Ra2 Rfb8 21. Rba1 Kg7
22. Kf2 Rc8 23. Ke2 Rd8 24. Bf2 Rac8 25. Nd2 Nxd2 26. Kxd2 c5 27. dxc5 d4 28.
cxd4 Bxc5 29. c3 Qc6 30. Ke2 Qg2 31. Rg1 Qd5 32. c4 Qc6 33. Qc3 Qe4+ 34. Qe3
Qxe3+ 35. Bxe3 Bxd4 36. Rc1 Bxe3 37. Kxe3 Rc7 38. c5 Rcd7 39. c6 bxc6 40. Rxc6
Rd3+ 41. Kf2 Rh3 42. Kg2 Rdd3 43. Rxa6 Rxh4 44. Rd6 Rdh3 45. Rdd2 Rh2+ 46. Kg1
Rh1+ 47. Kg2 R4h2+ 48. Kg3 Rxd2 49. Rxd2 Ra1 50. Rf2 Rxa5 51. Rf3 Kf8 52. Rb3
Rd5 53. Kf3 Ke7 54. Kg3 Rd7 55. Kf3 Kd8 56. Rc3 Rc7 57. Rd3+ Kc8 58. Rb3 Rc1
59. Kg2 Kc7 60. Ra3 Kb6 61. Rd3 Rc2+ 62. Kg3 Rc7 63. Rb3+ Kc6 64. Rd3 Kb5 65.
Kf3 Kb4 66. Rd6 Rc3+ 67. Kg2 Rc7 68. Kf3 Kc3 69. Rd1 Kc2 70. Rd6 Rc3+ 71. Kg2
Rd3 72. Rc6+ Kd2 73. Rc7 Ke3 74. Rxf7 Rd2+ 75. Kf1 Kf3 76. Ke1 Ra2 77. f5 exf5
78. e6 Re2+ 79. Kd1 Rxe6 80. Rf6 Re4 81. Rxg6 Rg4 82. Rg8 h4 83. g6 h3 84. Rf8
f4 85. Rh8 Kg2 0-1

[Event "2ème Open des Vins du Médoc à Hourtin"]
[Site "Hourtin ; France"]
[Date "2016.07.05"]
[Round "5.1"]
[White "Wohl, Aleksandar H"]
[Black "Favarel, Antoine"]
[Result "0-1"]
[WhiteElo "2354"]
[BlackElo "2363"]
[PlyCount "58"]
[EventDate "2016.??.??"]

1. b3 d5 2. Bb2 Nf6 3. e3 Bf5 4. h3 h6 5. d3 e6 6. Nd2 Be7 7. g4 Bh7 8. h4 Rg8
9. g5 Nfd7 10. f4 c5 11. Ne2 Qb6 12. Ng3 Nc6 13. Kf2 O-O-O 14. a3 Bd6 15. Qf3
f6 16. gxh6 gxh6 17. c4 d4 18. exd4 cxd4 19. b4 Qc7 20. b5 Nce5 21. fxe5 Nxe5
22. Qd1 Ng4+ 23. Ke2 Bxd3+ 24. Kxd3 Nf2+ 25. Kc2 Nxd1 26. Rxd1 Bxg3 27. Nb3 Be5
28. Kb1 d3 29. Bh3 f5 0-1

[Event "2ème Open des Vins du Médoc à Hourtin"]
[Site "Hourtin ; France"]
[Date "2016.07.05"]
[Round "5.3"]
[White "Hielscher, Ursula"]
[Black "Velten, Paul"]
[Result "0-1"]
[WhiteElo "1868"]
[BlackElo "2496"]
[PlyCount "108"]
[EventDate "2016.??.??"]

1. d4 Nf6 2. c4 d6 3. Nc3 Nbd7 4. e4 e5 5. d5 Be7 6. Be3 Nf8 7. f3 Nh5 8. Qd2
h6 9. O-O-O Bg5 10. Bxg5 hxg5 11. Qf2 Nd7 12. Bd3 a5 13. Nge2 Nc5 14. Bc2 Bd7
15. g4 Nf4 16. Nxf4 gxf4 17. h4 Qb8 18. h5 b5 19. cxb5 Bxb5 20. Rh2 Qb6 21.
Nxb5 Qxb5 22. Qe2 Qxe2 23. Rxe2 g6 24. Rh2 gxh5 25. gxh5 Ke7 26. Bd3 Rag8 27.
Kd2 Rh6 28. Be2 Rg5 29. Rdh1 f5 30. exf5 Rxf5 31. Bd3 Rg5 32. Bg6 Nd7 33. Kc3
Nb6 34. Be4 c6 35. dxc6 d5 36. Bg6 Kd6 37. Be8 Rg3 38. Rh3 Rg8 39. Bd7 Nxd7 40.
cxd7 Kxd7 41. Re1 Rg5 42. Reh1 Ke6 43. b4 axb4+ 44. Kxb4 e4 45. Kc5 Rg8 46.
fxe4 dxe4 47. Rb1 Kf5 48. Kd4 Rd8+ 49. Kc3 Rc6+ 50. Kb2 Rb6+ 51. Rb3 Rxb3+ 52.
Kxb3 f3 53. Kc3 e3 54. h6 f2 0-1

[Event "2ème Open des Vins du Médoc à Hourtin"]
[Site "Hourtin ; France"]
[Date "2016.07.05"]
[Round "5.4"]
[White "Arnaud, Aurelien"]
[Black "Grandmougin, Olivier"]
[Result "1-0"]
[WhiteElo "1663"]
[BlackElo "1922"]
[PlyCount "44"]
[EventDate "2016.??.??"]

1. e4 e6 2. d4 d5 3. Nd2 c5 4. exd5 exd5 5. Ngf3 Nc6 6. dxc5 Bxc5 7. Nb3 Bd6 8.
Bd3 Nge7 9. O-O O-O 10. c3 a6 11. Qc2 Ng6 12. Be3 Bg4 13. Nbd4 Rc8 14. h3 Nb4
15. Qd2 Nxd3 16. Qxd3 Bd7 17. Rfe1 Nf4 18. Bxf4 Bxf4 19. Rad1 Qa5 20. Ne2 Bb5
21. Qb1 Bd2 22. Rxd2 Rfe8 1-0

[Event "2ème Open des Vins du Médoc à Hourtin"]
[Site "Hourtin ; France"]
[Date "2016.07.05"]
[Round "5.5"]
[White "Lagunes, Robin"]
[Black "Pflaum, Stefan"]
[Result "0-1"]
[WhiteElo "1814"]
[BlackElo "2077"]
[PlyCount "60"]
[EventDate "2016.??.??"]

1. c4 b6 2. Nc3 Bb7 3. d4 e6 4. Bf4 Bb4 5. e3 Nf6 6. a3 Bxc3+ 7. bxc3 O-O 8.
Nf3 d6 9. Bd3 Nbd7 10. Qc2 Qe7 11. Bg5 h6 12. Bh4 Rfe8 13. O-O-O e5 14. Bf5 Qf8
15. d5 g6 16. Bh3 Qg7 17. g4 Nc5 18. g5 Nh7 19. gxh6 Qxh6 20. Rhg1 e4 21. Bf5
Bc8 22. Bxg6 fxg6 23. Rxg6+ Qxg6 24. Rg1 Qxg1+ 25. Nxg1 Bf5 26. Qe2 Kf7 27.
Qh5+ Bg6 28. Qh6 Re5 29. Nh3 Nd3+ 30. Kd2 Rh5 0-1

[Event "2ème Open des Vins du Médoc à Hourtin"]
[Site "Hourtin ; France"]
[Date "2016.07.05"]
[Round "5.6"]
[White "Vandomel, Fabrice"]
[Black "Lagunes, Jean-Renaud"]
[Result "0-1"]
[WhiteElo "1701"]
[BlackElo "2009"]
[PlyCount "80"]
[EventDate "2016.??.??"]

1. e4 d5 2. exd5 Qxd5 3. Nc3 Qa5 4. Bc4 Nf6 5. d3 g6 6. Bd2 Qe5+ 7. Qe2 Qxe2+
8. Ngxe2 Bg7 9. Nb5 Na6 10. Nbc3 Nb4 11. O-O-O c6 12. Ne4 Nbd5 13. Nxf6+ Bxf6
14. Nf4 e6 15. Rde1 O-O 16. h4 b5 17. Bb3 a5 18. a4 Bd7 19. g4 Rfb8 20. c3 Rb7
21. g5 Bg7 22. Kc2 Rab8 23. Rb1 Nb6 24. axb5 a4 25. Ba2 e5 26. Ne2 cxb5 27. Kd1
Bf5 28. Nc1 e4 29. Be3 exd3 30. Bd2 Re8 31. f3 Nc4 32. Bxc4 bxc4 33. Na2 Rb3
34. Nc1 Rb5 35. Ra1 Ra8 36. Ra2 Bd7 37. Re1 Bc6 38. Re3 Bf8 39. f4 Rb7 40. Re1
Bf3+ 0-1

[Event "2ème Open des Vins du Médoc à Hourtin"]
[Site "Hourtin ; France"]
[Date "2016.07.05"]
[Round "5.7"]
[White "Neatherway, A Philip"]
[Black "Maruejols, Claude"]
[Result "1-0"]
[WhiteElo "1815"]
[BlackElo "1971"]
[PlyCount "57"]
[EventDate "2016.??.??"]

1. e4 c5 2. Nf3 d6 3. d3 Nc6 4. g3 g6 5. Bg2 Bg7 6. O-O e6 7. Re1 Nge7 8. c3
O-O 9. Nbd2 Rb8 10. a4 a6 11. Nf1 b5 12. axb5 axb5 13. Be3 Bb7 14. d4 cxd4 15.
cxd4 Qd7 16. N1d2 Rfc8 17. Qb3 Ba8 18. d5 exd5 19. exd5 Nd8 20. Nd4 h5 21. Ra5
Nf5 22. Nxf5 Qxf5 23. Rxb5 Nb7 24. Nc4 Nc5 25. Bxc5 Rxb5 26. Qxb5 Rxc5 27. Qe8+
Bf8 28. Nxd6 Qf6 29. Ne4 1-0

[Event "2ème Open des Vins du Médoc à Hourtin"]
[Site "Hourtin ; France"]
[Date "2016.07.05"]
[Round "5.9"]
[White "Lagunes, Matthieu"]
[Black "Martinet, Nathan"]
[Result "1/2-1/2"]
[WhiteElo "1918"]
[BlackElo "1672"]
[PlyCount "92"]
[EventDate "2016.??.??"]

1. e4 c5 2. Nf3 Nc6 3. d4 cxd4 4. Nxd4 Nf6 5. Nc3 e5 6. Ndb5 d6 7. a4 a6 8. Na3
Be6 9. f4 exf4 10. Bxf4 d5 11. exd5 Nxd5 12. Nxd5 Qxd5 13. Qxd5 Bxd5 14. O-O-O
Be6 15. Nc4 Be7 16. Nd6+ Bxd6 17. Bxd6 O-O-O 18. Be2 Rhe8 19. Bf3 g6 20. Rd2
Rd7 21. Rhd1 Red8 22. g4 Na5 23. Bf4 Rxd2 24. Rxd2 Rxd2 25. Kxd2 Nc4+ 26. Kc3
Nb6 27. b3 Nd5+ 28. Bxd5 Bxd5 29. g5 Kd7 30. a5 Ke6 31. Kd4 Bc6 32. c4 Kf5 33.
Be3 f6 34. gxf6 Kxf6 35. b4 Ke6 36. Kc5 Kd7 37. b5 axb5 38. cxb5 Bf3 39. Bh6
Kc7 40. Bf4+ Kc8 41. Kd6 h5 42. h4 Be2 43. Kc5 Bd3 44. Kb6 Be4 45. Ka7 Bf3 46.
Be5 Be4 1/2-1/2

[Event "2ème Open des Vins du Médoc à Hourtin"]
[Site "Hourtin ; France"]
[Date "2016.07.05"]
[Round "5.10"]
[White "Martin, Eric"]
[Black "Roche, Philippe"]
[Result "0-1"]
[WhiteElo "1888"]
[BlackElo "1629"]
[PlyCount "104"]
[EventDate "2016.??.??"]

1. e4 c5 2. Nf3 e6 3. b3 Nc6 4. Bb2 Nf6 5. e5 Ng4 6. h3 Nh6 7. Bb5 Qc7 8. O-O
d6 9. Bxc6+ Qxc6 10. Re1 b6 11. d4 Bb7 12. c4 O-O-O 13. d5 exd5 14. e6 fxe6 15.
Rxe6 d4 16. b4 Re8 17. b5 Qd7 18. Rxe8+ Qxe8 19. Nbd2 Be7 20. a4 Bf6 21. a5 Qe6
22. axb6 axb6 23. Ra4 Kc7 24. Qa1 Rb8 25. Ra7 Qc8 26. Ne4 Ra8 27. Neg5 Rxa7 28.
Qxa7 Qa8 29. Qxa8 Bxa8 30. Nxh7 d5 31. Bc1 Nf7 32. Bf4+ Nd6 33. Nxf6 gxf6 34.
Nd2 Kd7 35. Bxd6 Kxd6 36. h4 dxc4 37. Nxc4+ Kc7 38. h5 Bd5 39. h6 Bg8 40. g4
Bh7 41. f4 d3 42. Kf2 Kd7 43. Nxb6+ Kd6 44. Nc4+ Kd5 45. b6 Kxc4 46. b7 d2 47.
Ke2 Kc3 48. b8=Q Bd3+ 49. Kf2 d1=Q 50. Qd6 Qf1+ 51. Kg3 Qe1+ 52. Kg2 Be4+ 0-1

[Event "2ème Open des Vins du Médoc à Hourtin"]
[Site "Hourtin ; France"]
[Date "2016.07.06"]
[Round "6.1"]
[White "Favarel, Antoine"]
[Black "Arnaud, Aurelien"]
[Result "1-0"]
[WhiteElo "2363"]
[BlackElo "1663"]
[PlyCount "63"]
[EventDate "2016.??.??"]

1. d4 d5 2. c4 e6 3. Nf3 Nd7 4. g3 Ngf6 5. Bg2 b6 6. cxd5 Nxd5 7. O-O Bb7 8.
Re1 Bb4 9. Bd2 Bxd2 10. Nbxd2 O-O 11. e4 N5f6 12. Rc1 c5 13. e5 Nd5 14. Ne4
cxd4 15. Qxd4 Rc8 16. Nd6 Rxc1 17. Rxc1 Ba8 18. h4 f6 19. exf6 N7xf6 20. Nc4
Ne7 21. Nce5 Qxd4 22. Nxd4 Bd5 23. Rc7 Nc8 24. Bh3 Re8 25. f4 Nd6 26. Rxa7 Nde4
27. Kh2 h6 28. g4 Rd8 29. g5 hxg5 30. hxg5 Nh5 31. Nxe6 Bxe6 32. Bxe6+ 1-0

[Event "2ème Open des Vins du Médoc à Hourtin"]
[Site "Hourtin ; France"]
[Date "2016.07.06"]
[Round "6.2"]
[White "Velten, Paul"]
[Black "Ollier, Pablo"]
[Result "1/2-1/2"]
[WhiteElo "2496"]
[BlackElo "2362"]
[PlyCount "78"]
[EventDate "2016.??.??"]

1. d4 Nf6 2. Nf3 d5 3. c4 e6 4. g3 Bb4+ 5. Bd2 Bd6 6. Bg2 c6 7. O-O Nbd7 8. Bf4
Bxf4 9. gxf4 dxc4 10. Nbd2 Nd5 11. e3 b5 12. Ne5 Nxe5 13. fxe5 f5 14. exf6 Qxf6
15. Ne4 Qg6 16. Qf3 Rf8 17. Qe2 e5 18. dxe5 Bh3 19. Ng3 Bxg2 20. Kxg2 Rf4 21.
Kh1 Rh4 22. Rg1 O-O-O 23. a4 b4 24. f4 c3 25. bxc3 Nxc3 26. Qa6+ Kb8 27. Qa5
Kc8 28. Rg2 Ne4 29. Kg1 Nxg3 30. hxg3 Rg4 31. Qxb4 Rxg3 32. Qb2 Qg4 33. Qf2
Rxg2+ 34. Qxg2 Rd1+ 35. Rxd1 Qxd1+ 36. Kh2 Qh5+ 37. Kg1 Qd1+ 38. Kh2 Qh5+ 39.
Kg1 Qd1+ 1/2-1/2

[Event "2ème Open des Vins du Médoc à Hourtin"]
[Site "Hourtin ; France"]
[Date "2016.07.06"]
[Round "6.3"]
[White "Pflaum, Stefan"]
[Black "Wohl, Aleksandar H"]
[Result "0-1"]
[WhiteElo "2077"]
[BlackElo "2354"]
[PlyCount "114"]
[EventDate "2016.??.??"]

1. d4 g6 2. c4 Bg7 3. e4 d6 4. Nc3 c5 5. d5 Bxc3+ 6. bxc3 f5 7. exf5 Bxf5 8.
Bd3 Qa5 9. Qc2 Bxd3 10. Qxd3 Nd7 11. Nf3 Ngf6 12. O-O O-O-O 13. Re1 Rde8 14.
Re2 Qa4 15. Bg5 Ng4 16. Bxe7 Nge5 17. Nxe5 Nxe5 18. Qh3+ Qd7 19. Bxd6 Qxh3 20.
gxh3 Nxc4 21. Rxe8+ Rxe8 22. Bxc5 b6 23. Bd4 Rd8 24. Re1 Rxd5 25. Re8+ Kc7 26.
Re7+ Rd7 27. Rxd7+ Kxd7 28. Kg2 Ke6 29. Kg3 Kf5 30. h4 h5 31. Kf3 a6 32. h3 b5
33. Bg7 Ke6 34. Kf4 Nd6 35. Kg5 Kf7 36. Bd4 Nf5 37. Bb6 Ne7 38. Bc5 Nd5 39. Bd4
a5 40. Be5 a4 41. Bd4 Ne7 42. Bc5 Nf5 43. Bb4 Ng7 44. Bd6 Ne6+ 45. Kh6 Kf6 46.
Bg3 Nc5 47. f3 Nd3 48. Bd6 Nc1 49. a3 Ne2 50. Bb4 Ng1 51. Bc5 Nxf3 52. Be3 Kf5
53. Bf2 Nd2 54. Bc5 Ne4 55. Bd4 Ng3 56. Kg7 Ne2 57. Bf6 Nf4 0-1

[Event "2ème Open des Vins du Médoc à Hourtin"]
[Site "Hourtin ; France"]
[Date "2016.07.06"]
[Round "6.4"]
[White "Lagunes, Jean-Renaud"]
[Black "Neatherway, A Philip"]
[Result "1/2-1/2"]
[WhiteElo "2009"]
[BlackElo "1815"]
[PlyCount "76"]
[EventDate "2016.??.??"]

1. e4 c5 2. Nf3 e6 3. b3 d5 4. exd5 exd5 5. Bb5+ Nc6 6. O-O Nf6 7. Re1+ Be7 8.
Qe2 Bg4 9. Bxc6+ bxc6 10. Ba3 Bxf3 11. gxf3 Kf8 12. d4 Nd7 13. Nc3 h5 14. Na4
Rh6 15. Qf1 Rg6+ 16. Kh1 Kg8 17. Nxc5 Nxc5 18. Bxc5 Bxc5 19. dxc5 Qf6 20. Qd3
h4 21. c3 h3 22. Rg1 Rxg1+ 23. Rxg1 Re8 24. b4 Re5 25. a4 Qe6 26. b5 cxb5 27.
axb5 Re1 28. c6 Qe5 29. f4 Rxg1+ 30. Kxg1 Qe1+ 31. Qf1 Qxc3 32. f3 Qe3+ 33. Kh1
Qxf4 34. Qxh3 d4 35. Qc8+ Kh7 36. Qh3+ Kg8 37. Qc8+ Kh7 38. Qh3+ Kg8 1/2-1/2

[Event "2ème Open des Vins du Médoc à Hourtin"]
[Site "Hourtin ; France"]
[Date "2016.07.06"]
[Round "6.5"]
[White "Wohlers-Armas, Friederike"]
[Black "Grelier, Gilles"]
[Result "1/2-1/2"]
[WhiteElo "1987"]
[BlackElo "1802"]
[Annotator "Violeau,Jean-Luc"]
[PlyCount "64"]
[EventDate "2016.??.??"]

1. d4 d5 2. c4 e5 3. dxe5 d4 4. Nf3 Nc6 5. a3 Nge7 6. b4 Ng6 7. Bb2 Ngxe5 8.
Nxe5 Nxe5 9. e3 Be6 10. Bxd4 Nxc4 11. Qc2 Nd6 12. Bd3 Be7 13. Nd2 Bf6 14. Bxf6
Qxf6 15. O-O Rc8 16. Ne4 Nxe4 17. Bxe4 c6 18. Qc5 a6 19. Rac1 Qe7 20. Qc2 h6
21. Rfd1 O-O 22. Rd4 Rfd8 23. Rcd1 Rxd4 24. Rxd4 Rd8 25. Qd2 Rxd4 26. Qxd4 Qd7
{(=)} 27. Kf1 Qxd4 28. exd4 Kf8 29. Ke2 Ke7 30. f4 Kd6 31. Ke3 Bc4 32. f5 f6
1/2-1/2

[Event "2ème Open des Vins du Médoc à Hourtin"]
[Site "Hourtin ; France"]
[Date "2016.07.06"]
[Round "6.6"]
[White "Grandmougin, Olivier"]
[Black "Dubertrand, Bernard"]
[Result "1-0"]
[WhiteElo "1922"]
[BlackElo "1583"]
[PlyCount "40"]
[EventDate "2016.??.??"]

1. c4 e5 2. Nc3 f5 3. g3 Nf6 4. Bg2 Bc5 5. e3 c6 6. d4 exd4 7. exd4 Bb4 8. Nge2
O-O 9. O-O Ba5 10. d5 d6 11. dxc6 bxc6 12. Bf4 Bc7 13. Nb5 Ne8 14. Bxc6 Nxc6
15. Qd5+ Be6 16. Qxe6+ Kh8 17. Nxc7 Nxc7 18. Qxd6 Qxd6 19. Bxd6 Rf7 20. Rad1
Ne6 1-0

[Event "2ème Open des Vins du Médoc à Hourtin"]
[Site "Hourtin ; France"]
[Date "2016.07.06"]
[Round "6.7"]
[White "Roche, Philippe"]
[Black "Hielscher, Ursula"]
[Result "0-1"]
[WhiteElo "1629"]
[BlackElo "1868"]
[PlyCount "72"]
[EventDate "2016.??.??"]

1. e4 e6 2. d4 d5 3. exd5 exd5 4. Nf3 Bg4 5. h3 Bh5 6. Be2 Nc6 7. c3 Bd6 8. O-O
Nf6 9. Bg5 h6 10. Be3 O-O 11. Nbd2 Ne7 12. Qc2 Bg6 13. Bd3 Bxd3 14. Qxd3 Qd7
15. Rfe1 c6 16. Re2 Ng6 17. Rae1 Rfe8 18. Nf1 Nf4 19. Bxf4 Bxf4 20. N1d2 Rxe2
21. Rxe2 Bc7 22. Nh4 Nh5 23. Qf5 Qd6 24. Ndf3 g6 25. Qe5 Qxe5 26. Nxe5 Re8 27.
Kf1 Nf4 28. Re3 Bd8 29. Nhf3 f6 30. Ng4 Rxe3 31. Nxe3 Nd3 32. Ne1 Kf7 33. g3 c5
34. dxc5 Nxc5 35. Ke2 a6 36. b3 Ne4 0-1

[Event "2ème Open des Vins du Médoc à Hourtin"]
[Site "Hourtin ; France"]
[Date "2016.07.06"]
[Round "6.8"]
[White "Ramdine, Dedan"]
[Black "Maruejols, Claude"]
[Result "0-1"]
[WhiteElo "1527"]
[BlackElo "1971"]
[PlyCount "72"]
[EventDate "2016.??.??"]

1. e4 c5 2. Nf3 d6 3. d4 cxd4 4. Nxd4 Nf6 5. Nc3 a6 6. Bc4 e6 7. Bb3 b5 8. a3
Be7 9. O-O O-O 10. Kh1 Bb7 11. Qe2 Nbd7 12. Bxe6 fxe6 13. Nxe6 Qe8 14. Nxf8
Bxf8 15. Re1 Qg6 16. f3 Re8 17. Be3 Ne5 18. Rad1 Nc4 19. Bc1 d5 20. Qd3 dxe4
21. fxe4 Nxe4 22. Nxe4 Rxe4 23. Rxe4 Bxe4 24. Qg3 Qxg3 25. hxg3 Bxc2 26. Rd8
Be4 27. Rb8 Kf7 28. b3 Bd6 29. Rh8 Nxa3 30. Bxa3 Bxa3 31. Rb8 Bc5 32. Rc8 Bd6
33. Rc3 Ke6 34. Kg1 Kd5 35. Rc1 Be5 36. g4 a5 0-1

[Event "2ème Open des Vins du Médoc à Hourtin"]
[Site "Hourtin ; France"]
[Date "2016.07.06"]
[Round "6.9"]
[White "Lagunes, Matthieu"]
[Black "Duvette, Michel"]
[Result "1-0"]
[WhiteElo "1918"]
[BlackElo "1353"]
[PlyCount "79"]
[EventDate "2016.??.??"]

1. e4 e5 2. Nf3 Nc6 3. Bc4 Nf6 4. d3 Be7 5. O-O O-O 6. c3 d6 7. Nbd2 Na5 8. Bb5
a6 9. Ba4 b5 10. Bc2 c5 11. Re1 Qc7 12. Nf1 h6 13. Ng3 Nh7 14. Nf5 Bf6 15. h4
Be6 16. d4 cxd4 17. cxd4 Bxf5 18. exf5 exd4 19. g4 Rfe8 20. Be4 d5 21. Bxd5
Rxe1+ 22. Qxe1 Rd8 23. g5 hxg5 24. hxg5 Rxd5 25. Qe8+ Nf8 26. gxf6 Qd7 27. Qb8
Qxf5 28. fxg7 Qg4+ 29. Kf1 Kxg7 30. Bh6+ Kxh6 31. Qxf8+ Qg7 32. Qe7 Rh5 33. Rd1
Rh1+ 34. Ke2 Rxd1 35. Qh4+ Kg6 36. Kxd1 Qf6 37. Qe4+ Kg7 38. Nxd4 Qd6 39. Ke2
Kf8 40. Qa8+ 1-0

[Event "2ème Open des Vins du Médoc à Hourtin"]
[Site "Hourtin ; France"]
[Date "2016.07.06"]
[Round "6.10"]
[White "Lagunes, Robin"]
[Black "Vandomel, Fabrice"]
[Result "1/2-1/2"]
[WhiteElo "1814"]
[BlackElo "1701"]
[PlyCount "43"]
[EventDate "2016.??.??"]

1. c4 b6 2. Nc3 Bb7 3. d4 e6 4. Nf3 Nf6 5. a3 d5 6. e3 dxc4 7. Bxc4 c5 8. O-O
cxd4 9. exd4 Be7 10. Re1 O-O 11. Bf4 Nd5 12. Bg3 Nxc3 13. bxc3 Qc8 14. Ne5 Nd7
15. Nxd7 Qxd7 16. Bd3 Bf6 17. Be5 Bxe5 18. Rxe5 g6 19. Qg4 Rac8 20. Re3 Qd8 21.
Rae1 Qf6 22. Be4 1/2-1/2

[Event "2ème Open des Vins du Médoc à Hourtin"]
[Site "Hourtin ; France"]
[Date "2016.07.07"]
[Round "7.1"]
[White "Velten, Paul"]
[Black "Favarel, Antoine"]
[Result "0-1"]
[WhiteElo "2496"]
[BlackElo "2363"]
[Annotator "Violeau,Jean-Luc"]
[PlyCount "82"]
[EventDate "2016.??.??"]

1. e4 c5 2. Nc3 Nc6 3. g3 g6 4. Bg2 Bg7 5. d3 d6 6. Nge2 e5 7. Nd5 Nge7 8. Bg5
h6 9. Bxe7 Nxe7 10. Nxe7 Qxe7 11. Nc3 Be6 12. h4 h5 13. a4 O-O-O 14. a5 a6 15.
Na4 g5 16. c4 Kb8 17. Nb6 Rh7 18. Qe2 Rdh8 {(=)} 19. Bf3 gxh4 20. Rxh4 Qg5 21.
Kd1 Qg6 22. Kc2 Bf6 23. Rhh1 Bd8 24. Kc3 h4 25. gxh4 Rxh4 26. Rag1 Qf6 27. Rxh4
Rxh4 28. Rg8 Ka7 29. b4 Rh8 30. Rxh8 Qxh8 31. Bg4 cxb4+ 32. Kxb4 Bxb6 33. axb6+
Kxb6 34. Qe3+ Kc6 35. Bd1 Qb8 36. Ba4+ Kc7 37. f4 exf4 38. Qxf4 Qa7 39. Kc3 Qc5
40. Bc2 Qe5+ 41. Qxe5 dxe5 0-1

[Event "2ème Open des Vins du Médoc à Hourtin"]
[Site "Hourtin ; France"]
[Date "2016.07.07"]
[Round "7.2"]
[White "Ollier, Pablo"]
[Black "Wohl, Aleksandar H"]
[Result "1-0"]
[WhiteElo "2362"]
[BlackElo "2354"]
[PlyCount "47"]
[EventDate "2016.??.??"]

1. d4 Nf6 2. c4 d6 3. Nf3 g6 4. g3 Bg7 5. Bg2 O-O 6. Nc3 c6 7. O-O Qa5 8. e4
Qh5 9. e5 dxe5 10. Nxe5 Ng4 11. Nxg4 Qxg4 12. Be3 Rd8 13. h3 Qf5 14. d5 Bxc3
15. bxc3 Na6 16. Qd4 c5 17. Qh4 f6 18. Qh6 Rd6 19. Bf4 Rb6 20. Rfe1 e5 21. dxe6
Bxe6 22. g4 Qd3 23. Rad1 Qxc4 24. Rxe6 1-0

[Event "2ème Open des Vins du Médoc à Hourtin"]
[Site "Hourtin ; France"]
[Date "2016.07.07"]
[Round "7.3"]
[White "Hielscher, Ursula"]
[Black "Lagunes, Jean-Renaud"]
[Result "0-1"]
[WhiteElo "1868"]
[BlackElo "2009"]
[PlyCount "74"]
[EventDate "2016.??.??"]

1. d4 d6 2. c4 Nf6 3. Nc3 g6 4. e4 Bg7 5. f3 O-O 6. Be3 Nc6 7. Qd2 a6 8. Bd3
Rb8 9. a3 e5 10. d5 Nd4 11. Bxd4 exd4 12. Nce2 c5 13. dxc6 bxc6 14. Rb1 c5 15.
h4 Re8 16. Nh3 Bb7 17. Nf2 h5 18. O-O Kh7 19. Nh3 Bh6 20. Ng5+ Kg7 21. Qf4 Qe7
22. Qg3 d5 23. cxd5 Bxd5 24. exd5 Qe3+ 25. Kh1 Qxd3 26. Nf4 Qf5 27. Nfe6+ Kg8
28. Nc7 Rec8 29. d6 Rb6 30. a4 Bxg5 31. hxg5 Nd5 32. a5 Rc6 33. Rbe1 Ne3 34.
Rf2 h4 35. Qxh4 Rxd6 36. g4 Qe5 37. Nxa6 Rxa6 0-1

[Event "2ème Open des Vins du Médoc à Hourtin"]
[Site "Hourtin ; France"]
[Date "2016.07.07"]
[Round "7.4"]
[White "Neatherway, A Philip"]
[Black "Grandmougin, Olivier"]
[Result "0-1"]
[WhiteElo "1815"]
[BlackElo "1922"]
[PlyCount "71"]
[EventDate "2016.??.??"]

1. e4 e6 2. d4 d5 3. Nd2 c5 4. exd5 exd5 5. Bb5+ Nc6 6. Ngf3 Bd6 7. O-O Nge7 8.
Re1 O-O 9. dxc5 Bxc5 10. Nb3 Bd6 11. Nbd4 Bg4 12. Nxc6 bxc6 13. Bd3 Ng6 14. h3
Bd7 15. Bg5 f6 16. Be3 Ne5 17. Bf1 Bf5 18. Nd4 Qc8 19. Nxf5 Qxf5 20. c4 Bb4 21.
Bd2 Bc5 22. Be3 d4 23. Bd2 d3 24. Be3 Bxe3 25. Rxe3 Rad8 26. Rc1 Rd4 27. Qd2
Rfd8 28. b3 c5 29. Rc3 h5 30. Rc1 h4 31. Rce1 R8d7 32. Rd1 g5 33. Rde1 Kg7 34.
f3 Qf4 35. Rd1 Qg3 36. Qf2 0-1

[Event "2ème Open des Vins du Médoc à Hourtin"]
[Site "Hourtin ; France"]
[Date "2016.07.07"]
[Round "7.5"]
[White "Arnaud, Aurelien"]
[Black "Wohlers-Armas, Friederike"]
[Result "1/2-1/2"]
[WhiteElo "1663"]
[BlackElo "1987"]
[PlyCount "125"]
[EventDate "2016.??.??"]

1. e4 c5 2. Nf3 a6 3. c3 Qa5 4. Be2 b5 5. O-O Bb7 6. d3 g6 7. Be3 Qc7 8. Nbd2
Bg7 9. d4 d6 10. a4 bxa4 11. Qxa4+ Qd7 12. dxc5 dxc5 13. Bxc5 Qxa4 14. Rxa4 Nf6
15. Bd3 Nfd7 16. Bd4 Bxd4 17. cxd4 Nb6 18. Rb4 N8d7 19. Rc1 a5 20. Rb3 O-O 21.
h3 Rfc8 22. Rbc3 Rxc3 23. Rxc3 Rc8 24. Rxc8+ Bxc8 25. Nc4 Nxc4 26. Bxc4 Nb6 27.
Nd2 Kf8 28. Bb5 Bd7 29. Bxd7 Nxd7 30. b3 Nb6 31. Kf1 a4 32. bxa4 Nxa4 33. Ke2
Ke8 34. Kd3 Nb6 35. Nc4 Nd7 36. f4 Nf6 37. g4 h5 38. g5 Nd7 39. h4 f6 40. e5
fxg5 41. fxg5 e6 42. Ke4 Ke7 43. Kd3 Nb8 44. Na5 Nd7 45. Nc6+ Ke8 46. d5 exd5
47. Kd4 Nb6 48. Nb4 Nc4 49. Nxd5 Nd2 50. Ke3 Nc4+ 51. Kf4 Kd7 52. Ne3 Nd2 53.
Ng2 Ke6 54. Ne1 Kd5 55. Nd3 Nc4 56. Nb4+ Ke6 57. Nc6 Nd2 58. Nd4+ Kd5 59. e6
Kd6 60. Ke3 Nc4+ 61. Kd3 Nb6 62. Ke4 Nc4 63. Kd3 1/2-1/2

[Event "2ème Open des Vins du Médoc à Hourtin"]
[Site "Hourtin ; France"]
[Date "2016.07.07"]
[Round "7.6"]
[White "Maruejols, Claude"]
[Black "Pflaum, Stefan"]
[Result "1/2-1/2"]
[WhiteElo "1971"]
[BlackElo "2077"]
[PlyCount "20"]
[EventDate "2016.??.??"]

1. d4 e6 2. c4 b6 3. e4 Bb7 4. Bd3 f5 5. exf5 Bb4+ 6. Kf1 Nf6 7. Nf3 O-O 8. a3
Bd6 9. Nc3 Qe8 10. Qe2 Qh5 1/2-1/2